[Event "Lazy op 13th"]
[Site "Lazy"]
[Date "2017.07.04"]
[Round "9"]
[White "Zamarska, Sylwia"]
[Black "Lascar, Radoslawa"]
[Result "1/2-1/2"]
[WhiteElo "1627"]
[BlackElo "1775"]
[PlyCount "40"]
[EventDate "2017.06.25"]
[EventType "swiss"]
[EventRounds "9"]
[EventCountry "POL"]
[SourceTitle "EXT 2018"]
[Source "ChessBase"]
[SourceDate "2017.10.13"]
[SourceVersion "1"]
[SourceVersionDate "2017.10.13"]
[SourceQuality "1"]

1. d4 f5 2. c4 Nf6 3. Nc3 g6 4. Nf3 Bg7 5. g3 0-0 6. Bg2 d6 7. 0-0 Nbd7 8. Re1 e5 9. e4 fxe4 10. Nxe4 exd4 11. Nxd4 Ne5 12. Bg5 Kh8 13. Rc1 Nf7 14. Bxf6 Bxf6 15. Nxf6 Qxf6 16. f4 c6 17. b3 Bg4 18. Bf3 Bd7 19. Bg2 Bg4 20. Bf3 Bd7 1/2-1/2

[Event "Lazy op 13th"]
[Site "Lazy"]
[Date "2017.06.25"]
[Round "1"]
[White "Litner, Igor"]
[Black "Zamarska, Sylwia"]
[Result "1-0"]
[WhiteElo "1949"]
[BlackElo "1627"]
[PlyCount "125"]
[EventDate "2017.06.25"]
[EventType "swiss"]
[EventRounds "9"]
[EventCountry "POL"]
[SourceTitle "EXT 2018"]
[Source "ChessBase"]
[SourceDate "2017.10.13"]
[SourceVersion "1"]
[SourceVersionDate "2017.10.13"]
[SourceQuality "1"]

1. d4 d5 2. c4 c6 3. Nc3 Nf6 4. Nf3 e6 5. Bg5 Be7 6. e3 Nbd7 7. Bd3 b6 8. 0-0 Bb7 9. cxd5 Nxd5 10. Bxe7 Qxe7 11. Rc1 Nxc3 12. Rxc3 0-0 13. Be4 Rfc8 14. Qc2 Nf6 15. Bxc6 Nd5 16. Bxd5 Rxc3 17. bxc3 Bxd5 18. e4 Bc4 19. Rc1 Qa3 20. Nd2 Bd3 21. Qd1 Qxa2 22. c4 Rc8 23. c5 Qb2 24. c6 Qxd4 25. Nf3 Qb2 26. c7 Qb5 27. Rc3 h6 28. Qxd3 Qxd3 29. Rxd3 Rxc7 30. Kf1 Kf8 31. Ke2 Ke7 32. Nd4 a6 33. Ra3 Rc4 34. Kd3 Rc1 35. Rxa6 Rg1 36. g3 Rg2 37. Ke3 Rxh2 38. Rxb6 Rh1 39. e5 Re1+ 40. Ne2 Ra1 41. Rb7+ Ke8 42. Rb8+ Ke7 43. Rg8 Ra3+ 44. Ke4 g6 45. f3 Ra4+ 46. Nd4 Rc4 47. g4 Rc1 48. Rh8 Re1+ 49. Kd3 Rd1+ 50. Ke3 h5 51. gxh5 gxh5 52. Rxh5 Re1+ 53. Kf4 Rb1 54. Rh8 Rb4 55. Ke4 Rb1 56. Ra8 Rb7 57. Ra7 Rxa7 58. Nc6+ Kf8 59. Nxa7 Kg7 60. Nc6 f6 61. exf6+ Kxf6 62. Nd4 e5 63. Nc6 1-0

[Event "POL-chT U19 2nd League"]
[Site "Iwonicz"]
[Date "2015.08.01"]
[Round "10.96"]
[White "Hertlein, Irena"]
[Black "Zamarska, Sylwia"]
[Result "0-1"]
[WhiteElo "1292"]
[BlackElo "1486"]
[PlyCount "44"]
[EventDate "2015.07.25"]
[EventType "team-swiss"]
[EventRounds "11"]
[EventCountry "POL"]
[SourceTitle "EXT 2019"]
[Source "ChessBase"]
[SourceDate "2018.10.10"]
[SourceVersion "1"]
[SourceVersionDate "2018.10.10"]
[SourceQuality "1"]
[WhiteTeam "Chorzow ChTS U19"]
[BlackTeam "Pszczyna PSSz U19"]
[WhiteTeamCountry "POL"]
[BlackTeamCountry "POL"]

1. e4 c6 2. d4 d5 3. exd5 cxd5 4. Bd3 Nc6 5. c3 Qc7 6. Be3 Nf6 7. Nd2 Bg4 8. Qc2 e6 9. Ngf3 Rc8 10. a3 Bd6 11. 0-0 Bxf3 12. Nxf3 Ng4 13. h3 Nxe3 14. fxe3 f5 15. Ng5 Qe7 16. Nxe6 Qxe6 17. Bxf5 Qxe3+ 18. Rf2 Rc7 19. Kf1 Re7 20. Qb3 Bg3 21. Rf3 Qe1+ 22. Rxe1 Rxe1# 0-1

[Event "POL-ch U14 Girls"]
[Site "Suwalki"]
[Date "2015.04.14"]
[Round "9"]
[White "Moscicka, Pola"]
[Black "Zamarska, Sylwia"]
[Result "1-0"]
[WhiteElo "1688"]
[BlackElo "1568"]
[PlyCount "63"]
[EventDate "2015.04.08"]
[EventType "swiss"]
[EventRounds "9"]
[EventCountry "POL"]
[SourceTitle "EXT 2017"]
[Source "ChessBase"]
[SourceDate "2016.10.25"]
[SourceVersion "1"]
[SourceVersionDate "2016.10.25"]
[SourceQuality "1"]

1. e4 c6 2. d4 d5 3. Nc3 dxe4 4. Nxe4 Bf5 5. Ng3 Bg6 6. h4 h6 7. Nf3 Nd7 8. h5 Bh7 9. Bd3 Bxd3 10. Qxd3 Ngf6 11. Bd2 e6 12. 0-0-0 Qc7 13. Ne4 0-0-0 14. g3 Nc5 15. Nxc5 Bxc5 16. Bf4 Bd6 17. Bxd6 Rxd6 18. Qe2 Rhd8 19. Kb1 Kb8 20. Rd3 Rd5 21. Rhd1 Nxh5 22. c4 R5d6 23. Ne5 Nf6 24. Qe3 Rf8 25. Qf4 Ne8 26. Rb3 c5 27. Rdd3 g5 28. Qf3 Ka8 29. dxc5 Rxd3 30. Rxd3 f6 31. c6 Nd6 32. Nd7 1-0

[Event "POL-ch U14 Girls"]
[Site "Suwalki"]
[Date "2015.04.09"]
[Round "3"]
[White "Gowin, Malgorzata"]
[Black "Zamarska, Sylwia"]
[Result "0-1"]
[WhiteElo "1369"]
[BlackElo "1568"]
[PlyCount "134"]
[EventDate "2015.04.08"]
[EventType "swiss"]
[EventRounds "9"]
[EventCountry "POL"]
[SourceTitle "EXT 2017"]
[Source "ChessBase"]
[SourceDate "2016.10.25"]
[SourceVersion "1"]
[SourceVersionDate "2016.10.25"]
[SourceQuality "1"]

1. e4 c6 2. d4 d5 3. exd5 cxd5 4. Nf3 Nc6 5. Nc3 Bg4 6. Be2 Nf6 7. 0-0 e6 8. Bg5 Be7 9. Ne5 Bxe2 10. Nxe2 0-0 11. Nf4 Ne4 12. Bxe7 Qxe7 13. f3 Nd6 14. Re1 Qc7 15. c3 Nxe5 16. Rxe5 Nc4 17. Nxe6 fxe6 18. Rxe6 Rae8 19. Qe2 Qd7 20. Re1 Rxe6 21. Qxe6+ Qxe6 22. Rxe6 Kf7 23. Re2 Re8 24. Rxe8 Kxe8 25. b3 Na3 26. Kf2 b5 27. Ke2 b4 28. cxb4 Nc2 29. Kd2 Nxd4 30. Kd3 Ne6 31. g3 Kd7 32. a4 Kc6 33. Kc3 Kb6 34. h4 a5 35. bxa5+ Kxa5 36. h5 Kb6 37. b4 Kc6 38. Kd3 Kd6 39. f4 g6 40. hxg6 hxg6 41. Ke3 Nc7 42. Kd4 Na6 43. Kc3 Ke6 44. g4 Kd6 45. f5 gxf5 46. gxf5 Ke5 47. b5 Nc5 48. f6 Ne4+ 49. Kb4 Nxf6 50. a5 Nd7 51. a6 Kd6 52. a7 Nb6 53. Kb3 Kc5 54. Kc3 Kxb5 55. Kd4 Kc6 56. Kd3 Kc5 57. Kc3 d4+ 58. Kd3 Kd5 59. Kd2 Kc4 60. Kc2 d3+ 61. Kd2 Kd4 62. Kd1 Kc3 63. Kc1 d2+ 64. Kd1 Na8 65. Ke2 Kc2 66. Ke3 d1Q 67. Ke4 Qd6 0-1

[Event "POL-ch U14 Girls"]
[Site "Suwalki"]
[Date "2015.04.08"]
[Round "1"]
[White "Bakalarczyk, Zuzanna"]
[Black "Zamarska, Sylwia"]
[Result "0-1"]
[WhiteElo "1219"]
[BlackElo "1568"]
[PlyCount "126"]
[EventDate "2015.04.08"]
[EventType "swiss"]
[EventRounds "9"]
[EventCountry "POL"]
[SourceTitle "EXT 2017"]
[Source "ChessBase"]
[SourceDate "2016.10.25"]
[SourceVersion "1"]
[SourceVersionDate "2016.10.25"]
[SourceQuality "1"]

1. e4 c6 2. d4 d5 3. Nc3 dxe4 4. Nxe4 Bf5 5. Ng3 Bg6 6. h4 h6 7. Nf3 Nd7 8. h5 Bh7 9. Bd3 Bxd3 10. Qxd3 Ngf6 11. Bd2 e6 12. 0-0-0 Bd6 13. Ne4 Nxe4 14. Qxe4 Nf6 15. Qe2 Qc7 16. g3 0-0-0 17. c4 c5 18. Kb1 a6 19. Rc1 Kb8 20. Be3 Rc8 21. dxc5 Bxc5 22. Bxc5 Qxc5 23. Ne5 Rhf8 24. f3 Rcd8 25. g4 Nd7 26. Nxd7+ Rxd7 27. Rc2 Rfd8 28. Qh2+ Ka8 29. Qf4 Qe7 30. Rhc1 Rd4 31. Qg3 Qd7 32. b3 f6 33. Re1 e5 34. Re4 Rd3 35. Qg2 Qd6 36. Kb2 Qb6 37. Qe2 Qa5 38. Qf1 Rd1 39. Qf2 R1d2 40. Re2 R2d4 41. Re4 Qc5 42. Ree2 Qc6 43. Qg2 Rf4 44. Re4 Rxe4 45. fxe4 Rd4 46. Re2 Qd7 47. Kc2 Kb8 48. Qf3 Kc7 49. Qg2 Kc6 50. Kc3 Rd3+ 51. Kc2 Qd4 52. Kb1 Rd1+ 53. Kc2 Qa1 54. b4 Qc1+ 55. Kb3 Rd3+ 56. Ka4 Qd1+ 57. Rc2 Rc3 58. b5+ axb5+ 59. cxb5+ Kc7 60. b6+ Kc6 61. Kb4 Qxc2 62. Qf1 Qb2+ 63. Ka4 Ra3# 0-1

[Event "POL-chT U19 2nd League"]
[Site "Szczyrk"]
[Date "2014.07.30"]
[Round "8.72"]
[White "Jurkiewicz, Zuzanna"]
[Black "Zamarska, Sylwia"]
[Result "1/2-1/2"]
[WhiteElo "1442"]
[BlackElo "1313"]
[PlyCount "75"]
[EventDate "2014.07.25"]
[EventType "team-swiss"]
[EventRounds "11"]
[EventCountry "POL"]
[SourceTitle "EXT 2015"]
[Source "ChessBase"]
[SourceDate "2014.11.20"]
[SourceVersion "1"]
[SourceVersionDate "2014.11.20"]
[SourceQuality "1"]
[WhiteTeam "Brzozow UKS SP 1 U19"]
[BlackTeam "Jaworzno JKSz MCKiS U19"]
[WhiteTeamCountry "POL"]
[BlackTeamCountry "POL"]

1. d4 d5 2. c4 e6 3. Nf3 c6 4. e3 Nf6 5. a3 Bd6 6. Nc3 Nbd7 7. Be2 0-0 8. 0-0 dxc4 9. Bxc4 e5 10. Qc2 exd4 11. exd4 Nb6 12. Ba2 Nbd5 13. Bg5 Nf4 14. Ne5 Ne6 15. Bxe6 Bxe6 16. Rad1 Be7 17. f4 Nd5 18. Bxe7 Qxe7 19. Nxd5 Bxd5 20. Rde1 Qd6 21. Kh1 f6 22. Nd3 Rfe8 23. Qc5 Qxc5 24. Nxc5 b6 25. Na4 Rad8 26. Nc3 Bc4 27. Rxe8+ Rxe8 28. Rd1 Bb3 29. Rc1 Rd8 30. Ne2 Re8 31. Nc3 Rd8 32. Ne2 Re8 33. Nc3 Rd8 34. Ne2 Re8 35. Nc3 Rd8 36. Ne2 Re8 37. Nc3 Rd8 38. Ne2 1/2-1/2

[Event "POL-chT U19 2nd League"]
[Site "Szczyrk"]
[Date "2014.07.28"]
[Round "5.66"]
[White "Zamarska, Sylwia"]
[Black "Zalucka, Emilia"]
[Result "0-1"]
[WhiteElo "1313"]
[BlackElo "1159"]
[PlyCount "132"]
[EventDate "2014.07.25"]
[EventType "team-swiss"]
[EventRounds "11"]
[EventCountry "POL"]
[SourceTitle "EXT 2015"]
[Source "ChessBase"]
[SourceDate "2014.11.20"]
[SourceVersion "1"]
[SourceVersionDate "2014.11.20"]
[SourceQuality "1"]
[WhiteTeam "Jaworzno JKSz MCKiS U19"]
[BlackTeam "Gorzow Wielkopolski Stilon U19 II"]
[WhiteTeamCountry "POL"]
[BlackTeamCountry "POL"]

1. d4 d5 2. c4 e6 3. Nc3 Nf6 4. Bg5 Nbd7 5. e3 Be7 6. Nf3 0-0 7. Bd3 Re8 8. 0-0 c6 9. Rc1 h6 10. Bh4 Bd6 11. Bg3 e5 12. dxe5 Nxe5 13. Nxe5 Bxe5 14. Qb3 Bxg3 15. hxg3 d4 16. exd4 Qxd4 17. Rcd1 Qc5 18. Qc2 Kh8 19. a3 Ng4 20. Be2 Rxe2 21. Nxe2 Qh5 22. Rfe1 Qh2+ 23. Kf1 Qh1+ 24. Ng1 Nh2+ 25. Ke2 Bg4+ 26. f3 Qxg2+ 27. Kd3 Bf5+ 28. Re4 Bxe4+ 29. fxe4 Qxc2+ 30. Kxc2 Ng4 31. Rd7 Ne3+ 32. Kd3 Ng4 33. Rxb7 a5 34. Nf3 f6 35. Rc7 Rb8 36. Kc3 a4 37. Nd2 Ne5 38. Ra7 g5 39. Rxa4 h5 40. b4 h4 41. gxh4 gxh4 42. Nf1 c5 43. b5 h3 44. Ra7 Nf3 45. Ng3 h2 46. Rd7 Rg8 47. Nh1 Re8 48. b6 Ne5 49. Rc7 Rb8 50. b7 Nc6 51. Rc8+ Kg7 52. Rxc6 Rxb7 53. Rd6 Rb1 54. Ng3 Rg1 55. Rd3 Kf7 56. Kb2 Rxg3 57. Rxg3 h1Q 58. Re3 Qh2+ 59. Kb3 Qb8+ 60. Kc3 Qa7 61. Kb2 Qd7 62. Rb3 Qd2+ 63. Ka1 Qc1+ 64. Ka2 Qc2+ 65. Rb2 Qxc4+ 66. Rb3 Qxe4 0-1

[Event "POL-chT U19 2nd League"]
[Site "Szczyrk"]
[Date "2014.07.27"]
[Round "4.42"]
[White "Frej, Hanna"]
[Black "Zamarska, Sylwia"]
[Result "0-1"]
[WhiteElo "1356"]
[BlackElo "1313"]
[PlyCount "102"]
[EventDate "2014.07.25"]
[EventType "team-swiss"]
[EventRounds "11"]
[EventCountry "POL"]
[SourceTitle "EXT 2015"]
[Source "ChessBase"]
[SourceDate "2014.11.20"]
[SourceVersion "1"]
[SourceVersionDate "2014.11.20"]
[SourceQuality "1"]
[WhiteTeam "Wroclaw MUKS MDK Srodmiescie U19 II"]
[BlackTeam "Jaworzno JKSz MCKiS U19"]
[WhiteTeamCountry "POL"]
[BlackTeamCountry "POL"]

1. e4 c6 2. c4 d5 3. exd5 cxd5 4. cxd5 Nf6 5. Qa4+ Nbd7 6. Nc3 g6 7. Nf3 Bg7 8. d4 0-0 9. Be3 Nb6 10. Qb3 Nbxd5 11. Nxd5 Nxd5 12. Bc4 Nf6 13. 0-0 b6 14. Rad1 Bb7 15. d5 Rc8 16. Ne5 Kh8 17. d6 e6 18. Bf4 Bd5 19. Bxd5 Nxd5 20. Bg3 Bxe5 21. Bxe5+ Kg8 22. Rfe1 Qd7 23. Qa3 Rc5 24. b3 f6 25. Bg3 Ra5 26. Qb2 e5 27. Re2 Qxd6 28. Red2 Qe6 29. b4 Rb5 30. a3 a5 31. Qb3 Rd8 32. h3 Kf7 33. Qc4 Qd7 34. a4 Rxb4 35. Qxd5+ Qxd5 36. Rxd5 Rxd5 37. Rxd5 Rxa4 38. f3 Rb4 39. Kf2 a4 40. Ke2 a3 41. Rd1 Rb2+ 42. Kd3 b5 43. Rc1 a2 44. Ra1 b4 45. Kc4 b3 46. Kd3 Rb1 47. Rxb1 axb1Q+ 48. Ke3 Qd1 49. Kf2 b2 50. Ke3 b1R 51. Kf2 Qe1# 0-1